00569nam a2200169Ia 4500008004100000020001500041041001200056082001600068100001700084245004000101260003400141300000800175650001200183942000700195999001500202952018200217221030s9999 xx 000 0 und d a8175440287 aEnglish a105.23bBha aR. L. Bhatia 4aThe Global Managercby R. L. Bhatia bWheeler Pub.aNew Delhic1994 a164 aGeneral cBK c7350d7350 pBE 3780g85.00l1o105.23 Bhar2024-06-13 00:00:00s2023-05-30w2022-10-30yBK003Print4070aMIETLIBbMIETLIBcBL-Academic Block C, FL-2, CUP-21, SH-4, R-4d2001-04-2310HBE